Métallurgie : tome I, Alliages métalliques (Record no. 41930)
[ view plain ]
| 000 -LEADER | |
|---|---|
| fixed length control field | 00760 a2200313 4500 |
| 037 ## - SOURCE OF ACQUISITION | |
| Source of stock number/acquisition | 4, Achat |
| 037 ## - SOURCE OF ACQUISITION | |
| Stock number | S 3384-2 |
| 037 ## - SOURCE OF ACQUISITION | |
| Stock number | S3523 |
| 037 ## - SOURCE OF ACQUISITION | |
| Stock number | S 3384-3 |
| 037 ## - SOURCE OF ACQUISITION | |
| Stock number | S 3384-1 |
| 020 ## - NUMERO INTERNATIONAL NORMALISE DES LIVRES | |
| International Standard Book Number | 2-04-003285-1 |
| 100 ## - VEDETTE PRINCIPALE - NOM DE PERSONNE | |
| Personal name | Chaussin, C. |
| 100 ## - VEDETTE PRINCIPALE - NOM DE PERSONNE | |
| Language of a work | Fr |
| 260 ## - PUBLICATION, DISTRIBUTION, ETC. (IMPRINT) | |
| Place of publication, distribution, etc | Paris |
| 260 ## - PUBLICATION, DISTRIBUTION, ETC. (IMPRINT) | |
| Name of publisher, distributor, etc | Dunod |
| 245 ## - TITLE STATEMENT | |
| Title | Métallurgie : tome I, Alliages métalliques |
| 260 ## - PUBLICATION, DISTRIBUTION, ETC. (IMPRINT) | |
| Date of publication, distribution, etc | 1976 |
| 250 ## - EDITION STATEMENT | |
| Edition statement | 10e éd. |
| 300 ## - PHYSICAL DESCRIPTION | |
| Extent | 388 p. |
| 300 ## - PHYSICAL DESCRIPTION | |
| Other physical details | 24cm |
| 440 ## - SERIES STATEMENT/ADDED ENTRY--TITLE | |
| Title | Technologie et Université |
| 630 ## - SUBJECT ADDED ENTRY--UNIFORM TITLE | |
| Uniform title | 69 - Industrie de la construction. Materiaux de construction. Metaux et procedes de construction |
| 650 ## - SUBJECT ADDED ENTRY--TOPICAL TERM | |
| Topical term or geographic name as entry element | 6 - SCIENCES APPLIQUEES |
| 650 ## - SUBJECT ADDED ENTRY--TOPICAL TERM | |
| Topical term or geographic name as entry element | Métallurgie |
| 650 ## - SUBJECT ADDED ENTRY--TOPICAL TERM | |
| Topical term or geographic name as entry element | Métal |
| 700 ## - ADDED ENTRY--PERSONAL NAME | |
| Personal name | Hilly, G. |
| Withdrawn status | Lost status | Damaged status | Not for loan | Location (home branch) | Sublocation or collection (holding branch) | Date acquired | Koha issues (times borrowed) | Koha full call number | Koha date last seen | Price effective from | Koha item type |
|---|---|---|---|---|---|---|---|---|---|---|---|
| Bibliothèque Universitaire Centrale | Bibliothèque Universitaire Centrale | 28/02/2009 | 669 CHA | 28/02/2009 | 28/02/2009 | Livre |